All Municipalities of Zala County, Hungary on a Map - Statistics

General Stats
  • This quiz has been taken 199 times
  • The average score is 63 of 258
Answers on the Map
Answers color-coded by a green-red scale on the quiz's map according to % correct below.
 
Answer Stats
Answer % Correct
Nagykanizsa
95%
Keszthely
93%
Zalaegerszeg
91%
Hévíz
84%
Lenti
84%
Letenye
84%
Zalaszentgrót
79%
Zalakaros
72%
Zalakomár
72%
Zalalövő
63%
Gyenesdiás
60%
Vonyarcvashegy
60%
Zalaszentiván
56%
Bak
53%
Balatongyörök
53%
Zalavár
53%
Kehidakustány
51%
Pacsa
51%
Búcsúszentlászló
49%
Sármellék
49%
Alsópáhok
47%
Bázakerettye
47%
Hahót
47%
Zalaszántó
47%
Zalaszentmihály
47%
Bocfölde
44%
Felsőpáhok
44%
Murakeresztúr
44%
Rédics
44%
Zalaszentjakab
44%
Becsehely
42%
Belezna
42%
Galambok
42%
Újudvar
42%
Cserszegtomaj
40%
Rezi
40%
Gelse
37%
Nova
37%
Söjtör
37%
Tornyiszentmiklós
37%
Zalacsány
37%
Zalaszentlászló
37%
Baktüttös
35%
Batyk
35%
Belsősárd
35%
Egervár
35%
Gutorfölde
35%
Iborfia
35%
Kilimán
35%
Külsősárd
35%
Lendvadedes
35%
Murarátka
35%
Nemeshetés
35%
Türje
35%
Zalabér
35%
Csesztreg
33%
Csömödér
33%
Felsőrajk
33%
Lovászi
33%
Nagyrécse
33%
Nemesapáti
33%
Páka
33%
Pölöske
33%
Surd
33%
Szentgyörgyvár
33%
Vállus
33%
Zalaapáti
33%
Zalaszabar
33%
Zalaszentmárton
33%
Alsónemesapáti
30%
Alsórajk
30%
Milejszeg
30%
Nagylengyel
30%
Pókaszepetk
30%
Sárhida
30%
Szijártóháza
30%
Tófej
30%
Zalaszentbalázs
30%
Böde
28%
Dobri
28%
Gáborjánháza
28%
Gellénháza
28%
Gombosszeg
28%
Kemendollár
28%
Kustánszeg
28%
Miháld
28%
Mikekarácsonyfa
28%
Pördefölde
28%
Zalaszentgyörgy
28%
Alibánfa
26%
Fityeház
26%
Homokkomárom
26%
Iklódbördőce
26%
Kistolmács
26%
Lickóvadamos
26%
Lispeszentadorján
26%
Magyarszerdahely
26%
Muraszemenye
26%
Nemesnép
26%
Ormándlak
26%
Orosztony
26%
Pat
26%
Pethőhenye
26%
Petrikeresztúr
26%
Ramocsa
26%
Salomvár
26%
Almásháza
23%
Alsószenterzsébet
23%
Balatonmagyaród
23%
Bocska
23%
Boncodfölde
23%
Csörnyeföld
23%
Felsőszenterzsébet
23%
Hottó
23%
Kerkakutas
23%
Lendvajakabfa
23%
Németfalu
23%
Szepetnek
23%
Szilvágy
23%
Teskánd
23%
Vasboldogasszony
23%
Vindornyafok
23%
Vöckönd
23%
Zajk
23%
Zalabaksa
23%
Zalacséb
23%
Zalaszentlőrinc
23%
Bánokszentgyörgy
21%
Barlahida
21%
Becsvölgye
21%
Garabonc
21%
Kerkafalva
21%
Liszó
21%
Molnári
21%
Nagyrada
21%
Ortaháza
21%
Pakod
21%
Pórszombat
21%
Pusztaapáti
21%
Sormás
21%
Szentgyörgyvölgy
21%
Szentpéterfölde
21%
Szentpéterúr
21%
Várfölde
21%
Vindornyalak
21%
Vindornyaszőlős
21%
Zalavég
21%
Bucsuta
19%
Csertalakos
19%
Csöde
19%
Gelsesziget
19%
Kallósd
19%
Kerkaszentkirály
19%
Kisvásárhely
19%
Nagykapornak
19%
Nemesbük
19%
Pötréte
19%
Sand
19%
Szentmargitfalva
19%
Bödeháza
16%
Borsfa
16%
Egeraracsa
16%
Esztergályhorváti
16%
Gétye
16%
Gosztola
16%
Kerecseny
16%
Kisrécse
16%
Nagybakónak
16%
Nemespátró
16%
Nemesszentandrás
16%
Resznek
16%
Zalaújlak
16%
Csatár
14%
Dióskál
14%
Eszteregnye
14%
Kerkabarabás
14%
Ligetfalva
14%
Márokföld
14%
Nemesrádó
14%
Nemessándorháza
14%
Semjénháza
14%
Tekenye
14%
Várvölgy
14%
Zalaigrice
14%
Zalaszombatfa
14%
Bókaháza
12%
Csapi
12%
Dötk
12%
Fűzvölgy
12%
Hosszúvölgy
12%
Kacorlak
12%
Kerkateskánd
12%
Kisbucsa
12%
Misefa
12%
Oltárc
12%
Petrivente
12%
Pölöskefő
12%
Pusztaszentlászló
12%
Rigyác
12%
Tilaj
12%
Tormafölde
12%
Tótszerdahely
12%
Vaspör
12%
Zalamerenye
12%
Zalasárszeg
12%
Babosdöbréte
9%
Bagod
9%
Bezeréd
9%
Csonkahegyhát
9%
Dobronhegy
9%
Hagyárosbörönd
9%
Kisgörbő
9%
Kispáli
9%
Magyarföld
9%
Nagygörbő
9%
Nagypáli
9%
Padár
9%
Pusztamagyaród
9%
Zalaháshágy
9%
Börzönce
7%
Gősfa
7%
Gyűrűs
7%
Kányavár
7%
Karmacs
7%
Kávás
7%
Kiskutas
7%
Lakhegy
7%
Lasztonya
7%
Magyarszentmiklós
7%
Maróc
7%
Nagykutas
7%
Óhíd
7%
Orbányosfa
7%
Ozmánbük
7%
Pálfiszeg
7%
Sénye
7%
Sümegcsehi
7%
Szalapa
7%
Szentliszló
7%
Tótszentmárton
7%
Valkonya
7%
Zalaboldogfa
7%
Zalaistvánd
7%
Zalatárnok
7%
Baglad
5%
Döbröce
5%
Hernyék
5%
Kálócfa
5%
Keménfa
5%
Kiscsehi
5%
Kissziget
5%
Kozmadombja
5%
Mihályfa
5%
Pusztaederics
5%
Szécsisziget
5%
Szentkozmadombja
5%
Zalaköveskút
5%
Zebecke
5%
No matching quizzes found
Score Distribution
Percent of People with Each Score
Percentile by Number Answered
Your Score History
You have not taken this quiz